000 00514nam a2200193 a 4500
001 1770460530167
003 YourLibrary
005 20260207160834.0
008 260207s1988##################000#0#eng##
020 _a9780415002042
082 0 4 _a306.362
_bARC
100 1 _aArcher, Léonie J.,
_eauthor.
245 1 0 _aSlavery and Other Forms of Unfree Labour :
260 _bPsychology Press,
_c1988.
300 _a320 pages
650 0 _aHistory.
942 _cENGLISH
040 _aYourLibrary
_beng
_cYourLibrary
999 _c611215
_d611215